000 00585nam a22001337a 4500
040 _cRUA
082 _aFIS TAI 2021 B473 Or.
100 _aTAI CHHEN,តៃ ឈេន
245 _aSTUDY ON OYSTER POTEINTIAL FOR COASTAL ECOSYSTEM,ការសិក្សាពីសក្តានុពលអយស្ទ័រលើប្រព័ន្ធអេកូឡូស៊ី តំបន់ឆ្នេរ
260 _aphnom penh
_brua
_c2021
300 _axi.64p.
_bill.
_c29cm.
856 _uhttps://drive.google.com/file/d/1MPuF45aoyittUxOEYJlwazGwYlgISpRg/view?usp=sharing
942 _cFIS
999 _c22608
_d22608